Doing philosophy/ (Record no. 2579)

MARC details
000 -LEADER
fixed length control field 00725nam a22002057a 4500
003 - CONTROL NUMBER IDENTIFIER
control field OSt
005 - DATE AND TIME OF LATEST TRANSACTION
control field 20250623072731.0
008 - FIXED-LENGTH DATA ELEMENTS--GENERAL INFORMATION
fixed length control field 240723b |||||||| |||| 00| 0 eng d
020 ## - INTERNATIONAL STANDARD BOOK NUMBER
International Standard Book Number 978-971-550-861-2
040 ## - CATALOGING SOURCE
Original cataloging agency DWC- Main Lib
Transcribing agency OC
082 ## - DEWEY DECIMAL CLASSIFICATION NUMBER
Classification number Fil. 100.711 R696d 2018
100 ## - MAIN ENTRY--PERSONAL NAME
Personal name Rodriguez , Agustin Martin G.
245 ## - TITLE STATEMENT
Title Doing philosophy/
Statement of responsibility, etc. Agustin Martin G. Rodriguez
260 ## - PUBLICATION, DISTRIBUTION, ETC.
Place of publication, distribution, etc. Quezon City :
Name of publisher, distributor, etc. Ateneo de Manila University Press,
Date of publication, distribution, etc. c2018.
300 ## - PHYSICAL DESCRIPTION
Extent vii , 132 pages :
Other physical details illustrations ;
Dimensions 23cm.
504 ## - BIBLIOGRAPHY, ETC. NOTE
Bibliography, etc. note Includes index and bibliographical references.
650 ## - SUBJECT ADDED ENTRY--TOPICAL TERM
Topical term or geographic name entry element 1. Philosophy - Study and teaching (higher)
650 ## - SUBJECT ADDED ENTRY--TOPICAL TERM
Topical term or geographic name entry element 2. Human beings- Study and teaching ( Higher)
942 ## - ADDED ENTRY ELEMENTS (KOHA)
Source of classification or shelving scheme Dewey Decimal Classification
Koha item type Book-Filipiniana
Suppress in OPAC Yes
952 ## - LOCATION AND ITEM INFORMATION (KOHA)
--
Holdings
Withdrawn status Lost status Source of classification or shelving scheme Damaged status Not for loan Home library Current library Date acquired Source of acquisition Cost, normal purchase price Total Checkouts Full call number Barcode Date last seen Copy number Price effective from Koha item type Uniform Resource Identifier
    Dewey Decimal Classification     College Library College Library 08/09/2019 School Fund 595.00   Fil. 100.711 R696d 2018 CL52105 07/23/2024 c1 07/23/2024 BK - FIL